Ekistic index of periodicals selected articles on human settlements
Αποθηκεύτηκε σε:
| Συγγραφή απο Οργανισμό/Αρχή: | |
|---|---|
| Μορφή: | Περιοδική έκδοση |
| Γλώσσα: | English |
| Δημοσίευση: |
Αθήνα :
Αθηναϊκός Τεχνολογικός Όμιλος Σ.Α.,
[1985-
|
| Θέματα: | |
| Ετικέτες: |
Προσθήκη ετικέτας
Δεν υπάρχουν, Καταχωρήστε ετικέτα πρώτοι!
|
MARC
| LEADER | 00000nas a2200000 i 4500 | ||
|---|---|---|---|
| 001 | 1/83112 | ||
| 008 | 050805u19859999gr r r 0 |eng|| | ||
| 022 | |a 0013-2934 | ||
| 035 | |l 10079691 | ||
| 040 | |a GR-MY-UA |b gre |e aacr | ||
| 041 | 0 | |a eng | |
| 082 | 0 | |a 307 |2 (22) | |
| 245 | 0 | 0 | |a Ekistic index of periodicals |h [περιοδικό] : |b selected articles on human settlements / |c Athens Technological Organization - Athens Center of Ekistics. |
| 260 | |a Αθήνα : |b Αθηναϊκός Τεχνολογικός Όμιλος Σ.Α., |c [1985- | ||
| 300 | |a τ. ; |c 28 εκ. | ||
| 310 | |a Εξαμηνιαίο | ||
| 650 | 0 | 0 | |a Cities and towns |x Periodicals |x Indexes. |
| 650 | 0 | 0 | |a City planning |x Periodicals |x Indexes. |
| 710 | 2 | |a Αθηναϊκό Κέντρο Οικιστικής. | |
| 853 | |a INST |b LESVOS |c SER |h 307.14 | ||
| 901 | |a BIBL1-2005-2 | ||
| 970 | |a ΤΖΑΦΕΡΗ |b ΕΥΑΓΓΕΛΙΑ |z 2005/08/05 | ||